| 000 | 00453nam a22001337a 4500 | ||
|---|---|---|---|
| 005 | 20241022093553.0 | ||
| 008 | 241022b |||||||| |||| 00| 0 eng d | ||
| 100 |
_aDatu, Dino. _eauthor. _963260 |
||
| 245 |
_aCook's pick : _bpaskong Laguna / _cDino Datu. |
||
| 260 |
_aPhilippines; _bPhilippine Graphic Publishing Inc., _cDecember 2019. |
||
| 300 |
_aVolume 20, pages 10-17 _billustration. |
||
| 700 |
_aDatu, Dino. _eauthor. _963259 |
||
| 942 |
_2ddc _cPER |
||
| 999 |
_c22754 _d22754 |
||